Дело об отпуске воска и щеток для натирания паркетных полов по Зимнему дворцу

Доступно только в Электронных читальных залах Найти на картеНа карте
RUSMARC
00003662nmc2a22002413x 450
001fa1d77c5-d19c-4b62-ae38-a8331fbaff36
00520220901053645.0
100##$a20220407l18411841k l0rusy0189 ca
1010#$arus
102##$aRU
105##$ay###
1222#$ad
2001#$aДело об отпуске воска и щеток для натирания паркетных полов по Зимнему дворцу
$j3 января - 31 декабря 1841 г.
215##$a69 л.
$d36,5х26 см
251##$cДело
300##$aНа обложке имеются пометы
371##$aДокумент не является опубликованным и широко распространяемым
461#0$1001625a9a7e-a890-4307-a7fe-826a2289a412
$12001
$aГоф-интенданская контора Министерства императорского двора
$1251
$cФонд
$1852
$j470
462#0$10013b995d6e-58fd-412c-9c29-c11444cea082
$12001
$aПо Зимнему дворцу
$1251
$cОпись
$1852
$j1
$l82-516
801#0$aRU
$bРГИА
$c20220407
$gRCR
801#1$aRU
$bГлавНИВЦ
$c20220407
$2rusmarc
801#2$aRU
$bПБ им. Б.Н. Ельцина
$c20220901
$gRCR
$2rusmarc
850##$aРГИА
852##$aРГИА
$eФедеральное казенное учреждение "Российский государственный исторический архив" (РГИА)
$j285
937##$aASBIBLIO_SCAN
$d12382562
$hРГИА
035##$aRusGRCC00042746
856##$uhttp://readingroom.main.prlib.ru/item.aspx?id_node=n178578752&mode=full
Формат отображения